[Event "Titled Tuesday intern op 23rd Apr Late"]
[Site "Chess.com INT"]
[Date "2024.04.23"]
[Round "3"]
[White "Hamblok, Roel"]
[Black "Belmonte, Diego Mariano"]
[Result "1-0"]
[WhiteElo "2235"]
[BlackElo "2305"]
[PlyCount "127"]
[EventDate "2024.04.23"]
[EventType "swiss (blitz)"]
[EventRounds "11"]
[EventCountry "USA"]
[SourceTitle "CB18_2024"]
[SourceDate "2024.05.01"]
[SourceVersion "1"]
[SourceVersionDate "2024.05.01"]
[SourceQuality "2"]

1. e4 Nf6 2. d3 d5 3. Nd2 e5 4. Ngf3 Nc6 5. Be2 Bc5 6. c3 0-0 7. b4 Bd6 8. Bb2 a6 9. 0-0 Re8 10. a4 Bd7 11. Re1 h6 12. Bf1 Bg4 13. h3 Bh5 14. Qc2 Bg6 15. Nh4 Bh7 16. Nf5 Bxf5 17. exf5 Qd7 18. b5 Ne7 19. c4 Nxf5 20. c5 Bf8 21. Bxe5 axb5 22. Bxf6 Rxe1 23. Rxe1 gxf6 24. axb5 Qxb5 25. d4 Nxd4 26. Qc3 Qxc5 27. Qg3+ Kh8 28. Qh4 Nf5 29. Qxf6+ Ng7 30. Qxh6+ Kg8 31. Bd3 f5 32. Nf3 Qc3 33. Bxf5 Nxf5 34. Qe6+ Kh8 35. Qxf5 Bg7 36. Qh5+ Kg8 37. Qxd5+ Kh8 38. Qh5+ Kg8 39. Re8+ Rxe8 40. Qxe8+ Kh7 41. Ng5+ Kh6 42. Nf7+ Kh7 43. Qe4+ Kg8 44. Qe8+ Kh7 45. g3 Qc6 46. Ng5+ Kh6 47. Nf7+ Kh7 48. Qxc6 bxc6 49. Nd8 c5 50. Kf1 c4 51. Ke2 Kg6 52. Nc6 Bf6 53. Na5 c3 54. Kd3 Kf5 55. f4 c5 56. Nc4 Ke6 57. g4 Kd5 58. Ne3+ Ke6 59. g5 Bd4 60. h4 Bxe3 61. Kxe3 c4 62. h5 Kf5 63. h6 Kg6 64. Ke2 1-0

[Event "Titled Tuesday intern op 02nd Apr Early"]
[Site "Chess.com INT"]
[Date "2024.04.02"]
[Round "1"]
[White "Curi, Gabriel"]
[Black "Hamblok, Roel"]
[Result "0-1"]
[WhiteElo "2106"]
[BlackElo "2235"]
[PlyCount "60"]
[EventDate "2024.04.02"]
[EventType "swiss (blitz)"]
[EventRounds "11"]
[EventCountry "USA"]
[SourceTitle "CB15_2024"]
[SourceDate "2024.04.10"]
[SourceVersion "1"]
[SourceVersionDate "2024.04.10"]
[SourceQuality "1"]

1. d4 Nf6 2. Nc3 d5 3. Bf4 c5 4. e3 cxd4 5. exd4 Bg4 6. f3 Bd7 7. Bd3 Nc6 8. Nge2 a6 9. g4 e6 10. h4 Qb6 11. h5 h6 12. Be3 Bd6 13. Kf2 Nb4 14. Qd2 Nxd3+ 15. Qxd3 0-0-0 16. a4 Kb8 17. Bf4 Rc8 18. Bxd6+ Qxd6 19. Qe3 Rc4 20. Nf4 Qb6 21. Nfe2 Qxb2 22. Rhc1 Qb6 23. Rab1 Qc7 24. g5 hxg5 25. Qxg5 Qh2+ 26. Ke3 Rhc8 27. Rb3 Nxh5 28. Rcb1 R4c7 29. Qe7 Bc6 30. R3b2 Rxe7 0-1

[Event "Titled Tuesday intern op 02nd Apr Early"]
[Site "Chess.com INT"]
[Date "2024.04.02"]
[Round "3"]
[White "Hamblok, Roel"]
[Black "Martins, Vinicius Tine"]
[Result "1-0"]
[WhiteElo "2235"]
[BlackElo "2263"]
[PlyCount "55"]
[EventDate "2024.04.02"]
[EventType "swiss (blitz)"]
[EventRounds "11"]
[EventCountry "USA"]
[SourceTitle "CB15_2024"]
[SourceDate "2024.04.10"]
[SourceVersion "1"]
[SourceVersionDate "2024.04.10"]
[SourceQuality "1"]

1. e4 d6 2. d4 Nf6 3. Nc3 g6 4. Nf3 Bg7 5. Be2 0-0 6. 0-0 c6 7. a4 Nbd7 8. h3 e5 9. dxe5 Nxe5 10. Bf4 Qc7 11. Bh2 Re8 12. Re1 Nfd7 13. a5 Nxf3+ 14. Bxf3 Be5 15. Qd2 d5 16. Bxe5 Nxe5 17. Be2 Nc4 18. Qh6 Be6 19. Bxc4 dxc4 20. e5 Bf5 21. Qf4 Bxc2 22. Qxc4 Rxe5 23. Rxe5 Qxe5 24. a6 b6 25. Qxc6 Rd8 26. Qb7 Rd2 27. Qxa7 Qf4 28. Qxb6 1-0

[Event "Titled Tuesday intern op 02nd Apr Early"]
[Site "Chess.com INT"]
[Date "2024.04.02"]
[Round "2"]
[White "Sarana, Alexey"]
[Black "Hamblok, Roel"]
[Result "1-0"]
[WhiteElo "2703"]
[BlackElo "2235"]
[PlyCount "59"]
[EventDate "2024.04.02"]
[EventType "swiss (blitz)"]
[EventRounds "11"]
[EventCountry "USA"]
[SourceTitle "CB15_2024"]
[SourceDate "2024.04.10"]
[SourceVersion "1"]
[SourceVersionDate "2024.04.10"]
[SourceQuality "1"]

1. d4 Nf6 2. c4 e6 3. Nc3 d5 4. Bg5 dxc4 5. e3 a6 6. Bxc4 b5 7. Qf3 Ra7 8. Bb3 Bb7 9. Qh3 c5 10. Nf3 Nbd7 11. Rd1 c4 12. Bc2 b4 13. Bxf6 gxf6 14. Ne4 b3 15. axb3 cxb3 16. Bb1 Qa5+ 17. Nfd2 f5 18. Nc3 Rg8 19. d5 Nf6 20. 0-0 Nxd5 21. Nxd5 Bxd5 22. e4 fxe4 23. Nxe4 Be7 24. Qxh7 Kf8 25. Qh6+ Rg7 26. Rc1 Ra8 27. Rc3 Bxe4 28. Bxe4 Rd8 29. Rg3 Qe5 30. Qh8+ 1-0

[Event "Titled Tuesday intern op 06th Feb Late"]
[Site "Chess.com INT"]
[Date "2024.02.06"]
[Round "2"]
[White "Chigaev, Maksim"]
[Black "Hamblok, Roel"]
[Result "1/2-1/2"]
[WhiteElo "2622"]
[BlackElo "2230"]
[PlyCount "140"]
[EventDate "2024.02.06"]
[EventType "swiss (blitz)"]
[EventRounds "11"]
[EventCountry "USA"]
[SourceTitle "CB07_2024"]
[SourceDate "2024.02.14"]
[SourceVersion "1"]
[SourceVersionDate "2024.02.14"]
[SourceQuality "1"]

1. Nf3 d5 2. e3 Nf6 3. c4 e6 4. Nc3 dxc4 5. Bxc4 a6 6. 0-0 b5 7. Be2 Bb7 8. b3 c5 9. Bb2 Nbd7 10. a4 b4 11. Nb1 Be7 12. d3 Nd5 13. Qc1 Bf6 14. Nfd2 0-0 15. Ne4 Bxb2 16. Qxb2 Qe7 17. Ned2 Qg5 18. Nf3 Qh6 19. Rc1 Rac8 20. Qd2 Rfd8 21. Ra2 e5 22. Rac2 f5 23. Qe1 g5 24. Nfd2 g4 25. Nc4 Qe6 26. Bf1 h5 27. Nbd2 Nc3 28. Rxc3 bxc3 29. Rxc3 Bd5 30. e4 Bxc4 31. Rxc4 f4 32. Rc2 Kg7 33. a5 Nb8 34. Qc1 Nc6 35. Rxc5 Nd4 36. Rc7+ Rxc7 37. Qxc7+ Rd7 38. Qb8 f3 39. Nc4 Ne2+ 40. Kh1 Rxd3 41. gxf3 gxf3 42. Ne3 Rxb3 43. Qa7+ Qf7 44. Nf5+ Kf6 45. Qxa6+ Kg5 46. Bxe2 fxe2 47. Qxe2 Rb1+ 48. Kg2 Kf6 49. Qe3 Qg6+ 50. Qg3 Qxg3+ 51. hxg3 Ra1 52. Ne3 Rxa5 53. Kh3 Kg5 54. Kg2 Ra2 55. Nc4 Kf6 56. Ne3 Ke6 57. Kf3 Rb2 58. Nf5 Rb3+ 59. Kg2 Kf6 60. Ne3 Ra3 61. Nd5+ Kg5 62. Ne3 h4 63. gxh4+ Kxh4 64. Kf3 Kg5 65. Kg3 Ra4 66. Kf3 Rb4 67. Nd5 Rb3+ 68. Ne3 Ra3 69. Kg3 Rb3 70. Kf3 Ra3 1/2-1/2

[Event "Titled Tuesday intern op 06th Feb Late"]
[Site "Chess.com INT"]
[Date "2024.02.06"]
[Round "6"]
[White "Hamblok, Roel"]
[Black "Martinez Martin, David"]
[Result "1-0"]
[WhiteElo "2230"]
[BlackElo "2388"]
[PlyCount "131"]
[EventDate "2024.02.06"]
[EventType "swiss (blitz)"]
[EventRounds "11"]
[EventCountry "USA"]
[SourceTitle "CB07_2024"]
[SourceDate "2024.02.14"]
[SourceVersion "1"]
[SourceVersionDate "2024.02.14"]
[SourceQuality "1"]

1. e4 c5 2. b4 cxb4 3. a3 d5 4. exd5 Nf6 5. axb4 Nxd5 6. b5 e6 7. Bb2 Nf6 8. Nf3 Be7 9. d4 0-0 10. Bd3 b6 11. 0-0 a5 12. c4 Bb7 13. Nbd2 Nbd7 14. Qe2 Rc8 15. Rfd1 Qc7 16. Rac1 Qf4 17. d5 Nc5 18. Be5 Qg4 19. h3 Qh5 20. d6 Bd8 21. Bb1 Nfd7 22. Bh2 Bf6 23. Ne4 Nxe4 24. Bxe4 Bxe4 25. Qxe4 Rfd8 26. Rc2 Nc5 27. Qg4 Qxg4 28. hxg4 h6 29. Be5 Nb7 30. d7 Rc5 31. Bf4 a4 32. Be3 a3 33. Bxc5 Nxc5 34. Ra2 Bb2 35. Ne1 Ne4 36. Rd3 Nc3 37. Rxc3 Bxc3 38. Nc2 Rxd7 39. Rxa3 Rd1+ 40. Kh2 Be5+ 41. g3 Rd2 42. Ne1 Rxf2+ 43. Kh3 Kh7 44. Nf3 Bd6 45. Rd3 Bc5 46. Ne5 f6 47. Nd7 Rc2 48. Nxc5 bxc5 49. Rb3 Rd2 50. b6 Rd8 51. b7 Rb8 52. Rb6 Kg6 53. Kg2 Kg5 54. Kf3 e5 55. Ke4 Kxg4 56. Kd5 Kxg3 57. Kxc5 e4 58. Kc6 e3 59. Kc7 e2 60. Rb1 Re8 61. c5 f5 62. c6 f4 63. Kd7 Rf8 64. c7 f3 65. b8Q Rxb8 66. cxb8Q+ 1-0

[Event "Titled Tuesday intern op 16th Jan Early"]
[Site "Chess.com INT"]
[Date "2024.01.16"]
[Round "4"]
[White "Bologan, Viktor"]
[Black "Hamblok, Roel"]
[Result "1-0"]
[WhiteElo "2585"]
[BlackElo "2241"]
[PlyCount "113"]
[EventDate "2024.01.16"]
[EventType "swiss (blitz)"]
[EventRounds "11"]
[EventCountry "USA"]
[SourceTitle "CB04_2024"]
[SourceDate "2023.10.16"]
[SourceVersion "1"]
[SourceVersionDate "2023.10.16"]
[SourceQuality "1"]

1. e4 c5 2. Nf3 e6 3. d4 cxd4 4. Nxd4 Nf6 5. Nc3 Nc6 6. a3 Be7 7. Be2 d6 8. Be3 0-0 9. f4 e5 10. Nf5 Nxe4 11. Nh6+ gxh6 12. Nxe4 d5 13. Ng3 d4 14. Bd2 exf4 15. Bxf4 Bg5 16. 0-0 Qe7 17. Bd3 Kh8 18. Kh1 Ne5 19. Bf5 Ng6 20. Bxg5 hxg5 21. Bxg6 hxg6 22. Qxd4+ Kg8 23. Rae1 Qd8 24. Qe5 f5 25. Rd1 Qe8 26. Qc7 Qf7 27. Qc3 Bd7 28. Rd6 Bc6 29. Qd2 f4 30. Qd3 Kh7 31. Nh5 Qf5 32. Qxf5 Rxf5 33. Nf6+ Kg7 34. Ng4 Re8 35. Rd2 Rf7 36. Kg1 Rfe7 37. Kf2 Bb5 38. Rc1 Re2+ 39. Rxe2 Rxe2+ 40. Kg1 Bc6 41. Nf2 g4 42. Kf1 Rd2 43. Ke1 Rd6 44. Nxg4 Bxg2 45. c4 f3 46. b4 Re6+ 47. Kf2 Re2+ 48. Kg3 Ra2 49. Rc3 Bh1 50. Nf2 Bg2 51. c5 Kf6 52. b5 Ke7 53. c6 bxc6 54. bxc6 Kd8 55. c7+ Kc8 56. Ne4 Bh3 57. Kxh3 1-0

[Event "Titled Tuesday intern op 16th Jan Early"]
[Site "Chess.com INT"]
[Date "2024.01.16"]
[Round "3"]
[White "Hamblok, Roel"]
[Black "Barwinska, Ewa"]
[Result "1-0"]
[WhiteElo "2241"]
[BlackElo "2084"]
[PlyCount "44"]
[EventDate "2024.01.16"]
[EventType "swiss (blitz)"]
[EventRounds "11"]
[EventCountry "USA"]
[SourceTitle "CB04_2024"]
[SourceDate "2023.10.16"]
[SourceVersion "1"]
[SourceVersionDate "2023.10.16"]
[SourceQuality "1"]

1. e4 c5 2. b4 d6 3. bxc5 dxc5 4. Nc3 Nc6 5. Bb5 Bd7 6. Nf3 e6 7. 0-0 Bd6 8. Bb2 Nge7 9. a4 0-0 10. Re1 a6 11. Bf1 Ne5 12. g3 N7g6 13. Bg2 Nxf3+ 14. Qxf3 Ne5 15. Qh5 Nc4 16. Bc1 b5 17. axb5 axb5 18. Rxa8 Qxa8 19. e5 Qb8 20. exd6 Qxd6 21. Ne4 Qa6 22. Nxc5 Rc8 1-0

[Event "Titled Tuesday intern op 16th Jan Early"]
[Site "Chess.com INT"]
[Date "2024.01.16"]
[Round "5"]
[White "Zilleruelo Irizarry, Diego"]
[Black "Hamblok, Roel"]
[Result "0-1"]
[WhiteElo "2052"]
[BlackElo "2241"]
[PlyCount "64"]
[EventDate "2024.01.16"]
[EventType "swiss (blitz)"]
[EventRounds "11"]
[EventCountry "USA"]
[SourceTitle "CB04_2024"]
[SourceDate "2023.10.16"]
[SourceVersion "1"]
[SourceVersionDate "2023.10.16"]
[SourceQuality "1"]

1. e4 c5 2. Nf3 e6 3. g3 d5 4. exd5 exd5 5. d4 cxd4 6. Nxd4 Nc6 7. Bg2 Bc5 8. Nb3 Qe7+ 9. Qe2 Bb6 10. Qxe7+ Ngxe7 11. 0-0 Be6 12. N1d2 Nb4 13. c3 Nd3 14. Nf3 Nc6 15. Nfd4 Nxd4 16. Nxd4 Bxd4 17. cxd4 Rc8 18. Rd1 Nxc1 19. Raxc1 Kd7 20. Kf1 Kd6 21. Ke1 b6 22. Kd2 Rc4 23. b3 Rxd4+ 24. Ke3 Rxd1 25. Rxd1 Rc8 26. Rd2 Rc1 27. f4 g6 28. g4 Bxg4 29. Bxd5 Ke7 30. Kf2 Bf5 31. Re2+ Kf6 32. Re7 Kxe7 0-1

[Event "NED-chT 2223"]
[Site "Netherlands"]
[Date "2023.04.22"]
[Round "9.9"]
[White "Hamblok, Roel"]
[Black "Van der Eijk, Martijn"]
[Result "1-0"]
[WhiteElo "2232"]
[BlackElo "2240"]
[PlyCount "73"]
[EventDate "2022.09.17"]
[EventType "team-tourn"]
[EventRounds "9"]
[EventCountry "NED"]
[SourceTitle "EXT 2024"]
[Source "ChessBase"]
[SourceDate "2023.10.10"]
[SourceVersion "1"]
[SourceVersionDate "2023.10.10"]
[SourceQuality "1"]
[WhiteTeam "Zuid Limburg"]
[BlackTeam "Amstelveen Zukertort"]
[WhiteTeamCountry "NED"]
[BlackTeamCountry "NED"]

1. e4 e5 2. Nc3 Nf6 3. Bc4 Nc6 4. d3 Bc5 5. f4 d6 6. Nf3 exf4 7. Bxf4 0-0 8. Bg5 Bg4 9. Nd5 Nxd5 10. Bxd8 Ne3 11. Qd2 Raxd8 12. Bb3 Rfe8 13. h3 Bxf3 14. gxf3 d5 15. Rh2 Rd6 16. Re2 Rg6 17. Rxe3 Rg1+ 18. Kf2 Rxa1 19. Bxd5 Rb1 20. c3 Bxe3+ 21. Kxe3 Nd8 22. Qc2 Rh1 23. Qg2 Rb1 24. b4 c6 25. Bb3 Ne6 26. Qg3 Rc1 27. Kd2 Rf1 28. Bd1 Rd8 29. Ke2 Rh1 30. f4 f5 31. Bb3 fxe4 32. Bxe6+ Kh8 33. d4 b6 34. Qg2 Rc1 35. Kd2 Rb1 36. Qxe4 a5 37. Qxb1 1-0

[Event "NED-chT 2122"]
[Site "Netherlands"]
[Date "2022.02.05"]
[Round "6.9"]
[White "Hamblok, Roel"]
[Black "Elgersma, Onno"]
[Result "0-1"]
[WhiteElo "2233"]
[BlackElo "2263"]
[PlyCount "56"]
[EventDate "2021.09.18"]
[EventType "team-tourn"]
[EventRounds "9"]
[EventCountry "NED"]
[SourceTitle "EXT 2023"]
[Source "ChessBase"]
[SourceDate "2022.10.05"]
[SourceVersion "1"]
[SourceVersionDate "2022.10.05"]
[SourceQuality "1"]
[WhiteTeam "Zuid Limburg"]
[BlackTeam "Kennemer Combinatie"]
[WhiteTeamCountry "NED"]
[BlackTeamCountry "NED"]

1. e4 c6 2. d4 d5 3. exd5 cxd5 4. Bd3 Nc6 5. c3 Qc7 6. Ne2 Bg4 7. 0-0 e6 8. Qe1 Nf6 9. f3 Bh5 10. Qh4 Rg8 11. Bxh7 Rh8 12. Bc2 Bd6 13. Bf4 Nxd4 14. cxd4 Qxc2 15. Bxd6 Qxe2 16. Nc3 Qe3+ 17. Kh1 Kd7 18. Qg3 Rac8 19. Bc5 Ne8 20. Bxa7 Nd6 21. Bc5 Nf5 22. Qf2 Bg6 23. Qxe3 Nxe3 24. Rf2 Rc6 25. Na4 b5 26. Nc3 Rb8 27. Re2 Nc2 28. Rc1 b4 0-1

[Event "Bruges Masters op"]
[Site "Bruges"]
[Date "2021.08.17"]
[Round "6"]
[White "Hamblok, Roel"]
[Black "Ivanov, Mike"]
[Result "0-1"]
[WhiteElo "2221"]
[BlackElo "2195"]
[PlyCount "94"]
[EventDate "2021.08.14"]
[EventType "swiss"]
[EventRounds "9"]
[EventCountry "BEL"]
[SourceTitle "CBM 203 Extra"]
[Source "ChessBase"]
[SourceDate "2021.09.30"]
[SourceVersion "1"]
[SourceVersionDate "2021.09.30"]
[SourceQuality "1"]

1. d4 Nf6 2. Bf4 c5 3. e3 Nd5 4. Bg3 Qb6 5. Nc3 Nxc3 6. bxc3 e6 7. Nf3 Qb2 8. Kd2 Nc6 9. Bd3 d5 10. a4 c4 11. Be2 Na5 12. Rb1 Nb3+ 13. Ke1 Qxc3+ 14. Kf1 Na5 15. h4 Bd7 16. Ra1 f6 17. Kg1 Qb4 18. Qd2 Qxd2 19. Nxd2 Bb4 20. Nf3 Ke7 21. Kh2 Rhc8 22. Rhb1 Bd6 23. Nd2 Bxg3+ 24. Kxg3 Rc7 25. c3 Be8 26. h5 Rac8 27. Ra3 Kd6 28. Bf3 g6 29. hxg6 Bxg6 30. Rb2 b6 31. e4 Nb3 32. exd5 Nxd2 33. Rxd2 exd5 34. Rb2 Be8 35. Kf4 Re7 36. Ra1 Bd7 37. Rb4 Rg8 38. Rh1 Rg5 39. Rh6 Rf5+ 40. Kg3 Rg7+ 41. Kh2 Kc7 42. Bd1 Rxf2 43. Bf3 Bc6 44. Rxf6 Rgxg2+ 45. Kh3 Rg7 46. Rb1 Bd7+ 47. Kh4 Rh2# 0-1

[Event "Bruges Masters op"]
[Site "Bruges"]
[Date "2021.08.17"]
[Round "5"]
[White "Hamblok, Roel"]
[Black "Roebers, Eline"]
[Result "1/2-1/2"]
[WhiteElo "2221"]
[BlackElo "2173"]
[PlyCount "77"]
[EventDate "2021.08.14"]
[EventType "swiss"]
[EventRounds "9"]
[EventCountry "BEL"]
[SourceTitle "CBM 203 Extra"]
[Source "ChessBase"]
[SourceDate "2021.09.30"]
[SourceVersion "1"]
[SourceVersionDate "2021.09.30"]
[SourceQuality "1"]

1. d4 f5 2. Nf3 Nf6 3. g3 g6 4. Bg2 Bg7 5. 0-0 0-0 6. c4 d6 7. Nc3 Qe8 8. b3 Na6 9. Ba3 c6 10. Qd3 Rb8 11. e4 b5 12. e5 dxe5 13. dxe5 Ng4 14. cxb5 cxb5 15. Nd5 b4 16. Qc4 Kh8 17. Nxb4 Nxb4 18. Bxb4 Bb7 19. Bc3 Rc8 20. Qb4 Bxf3 21. Bxf3 Nxe5 22. Bxe5 Bxe5 23. Rac1 Qd7 24. Rfd1 Rxc1 25. Rxc1 Bd4 26. Re1 Rf7 27. Rc1 Kg7 28. Rc6 e5 29. Rc4 Qd8 30. a4 Qb6 31. Qxb6 axb6 32. Kf1 Rd7 33. Bc6 Rc7 34. Ke2 Kf6 35. f3 Bg1 36. Kf1 Bd4 37. Ke2 Bg1 38. Kf1 Bd4 39. Ke1 1/2-1/2

[Event "Bruges Masters op"]
[Site "Bruges"]
[Date "2021.08.16"]
[Round "4"]
[White "Van Foreest, Machteld"]
[Black "Hamblok, Roel"]
[Result "0-1"]
[WhiteElo "2161"]
[BlackElo "2221"]
[PlyCount "214"]
[EventDate "2021.08.14"]
[EventType "swiss"]
[EventRounds "9"]
[EventCountry "BEL"]
[SourceTitle "CBM 203 Extra"]
[Source "ChessBase"]
[SourceDate "2021.09.30"]
[SourceVersion "1"]
[SourceVersionDate "2021.09.30"]
[SourceQuality "1"]

1. e4 d6 2. d4 Nf6 3. Nc3 e5 4. Nf3 Nbd7 5. Be2 Be7 6. 0-0 0-0 7. Re1 c6 8. a4 Re8 9. Bf1 Qc7 10. b3 Nf8 11. Bb2 Bg4 12. Be2 Ne6 13. d5 Nf4 14. Qd2 Rac8 15. Rad1 cxd5 16. exd5 Bf8 17. Bb5 Bxf3 18. gxf3 Red8 19. Bc4 Qd7 20. Ne2 Nh3+ 21. Kg2 Nh5 22. Ng3 N5f4+ 23. Kh1 h5 24. Nf1 Qf5 25. Ne3 Qg5 26. Rf1 Be7 27. Bd3 g6 28. Bf5 Rc7 29. Bxh3 Nxh3 30. c4 Qf4 31. Qe2 Ng5 32. Ng2 Qxf3 33. Qxf3 Nxf3 34. Ne1 Nxe1 35. Rdxe1 f5 36. f4 e4 37. Re2 Kf7 38. Kg2 Rg8 39. Bd4 b6 40. Be3 Bf6 41. Kg3 Rb8 42. Rc1 a5 43. h4 Ke7 44. Kh3 Kf7 45. Rg2 Rcb7 46. Rcg1 Rg8 47. Rc2 Rc8 48. Rgc1 Kg7 49. Bd2 Kf7 50. Bc3 Be7 51. Bd4 Bf8 52. Rg1 Be7 53. Rcg2 Rg8 54. Rb2 Rc8 55. Rgg2 Rc5 56. Rgc2 Bf6 57. Bxf6 Kxf6 58. Kg3 Ra7 59. Ra2 Rc8 60. Kf2 Re8 61. Ke3 Rea8 62. Rc1 Rc8 63. Rb1 Rac7 64. Kd4 Re8 65. Ke3 Ra8 66. Rc2 Rac8 67. Rc3 Ke7 68. Kd4 Ra8 69. b4 axb4 70. Rxb4 Ra6 71. Rcb3 Rca7 72. Rxb6 Rxb6 73. Rxb6 Rxa4 74. Rb7+ Ke8 75. Rg7 Ra3 76. c5 Ra4+ 77. Kc3 dxc5 78. Rxg6 Rd4 79. d6 e3 80. Re6+ Kd7 81. Rxe3 Rxf4 82. Rd3 Rd4 83. Rf3 Ke6 84. Rg3 Rg4 85. Rd3 Rd4 86. Rg3 Rxh4 87. Rg6+ Kd7 88. Rg5 Rf4 89. Rxh5 Kxd6 90. Rh8 Rd4 91. Rd8+ Ke5 92. Rc8 Kd5 93. Rf8 Ke4 94. Re8+ Kf4 95. Re1 Re4 96. Rf1+ Ke5 97. Rh1 Ra4 98. Re1+ Kf6 99. Re8 Re4 100. Rc8 c4 101. Rg8 f4 102. Kd2 Kf5 103. Rg7 f3 104. Rg8 Kf4 105. Rf8+ Kg3 106. Rg8+ Kf2 107. Rg7 Kf1 0-1

[Event "Wachtebeke-B"]
[Site "Wachtebeke"]
[Date "2020.02.26"]
[Round "8"]
[White "Verduyn, Frederic"]
[Black "Hamblok, Roel"]
[Result "1/2-1/2"]
[WhiteElo "2096"]
[BlackElo "2238"]
[PlyCount "26"]
[EventDate "2020.02.22"]
[EventType "tourn"]
[EventRounds "9"]
[EventCountry "BEL"]
[SourceTitle "CBM 195 Extra"]
[Source "ChessBase"]
[SourceDate "2020.05.31"]
[SourceVersion "1"]
[SourceVersionDate "2020.05.31"]
[SourceQuality "1"]

1. e4 e5 2. Nf3 Nc6 3. d3 Nf6 4. Nbd2 Bc5 5. h3 d5 6. Be2 0-0 7. c3 a5 8. Qc2 Re8 9. Nf1 Be6 10. Ng5 Bc8 11. g4 Ne7 12. f4 dxe4 13. dxe4 exf4 1/2-1/2

[Event "BEL-ch"]
[Site "Roux"]
[Date "2019.07.29"]
[Round "4"]
[White "Hamblok, Roel"]
[Black "Lenaerts, Lennert"]
[Result "1/2-1/2"]
[WhiteElo "2261"]
[BlackElo "2355"]
[PlyCount "41"]
[EventDate "2019.07.27"]
[EventType "tourn"]
[EventRounds "9"]
[EventCountry "BEL"]
[EventCategory "5"]
[SourceTitle "CBM 191 Extra"]
[Source "ChessBase"]
[SourceDate "2019.09.30"]
[SourceVersion "1"]
[SourceVersionDate "2019.09.30"]
[SourceQuality "1"]

1. Nf3 d5 2. e3 Nf6 3. c4 e6 4. d4 Be7 5. Nc3 0-0 6. b3 b6 7. Bb2 Bb7 8. cxd5 exd5 9. Bd3 Nbd7 10. 0-0 a6 11. Rc1 Bd6 12. Ne2 Ne4 13. Qc2 Rc8 14. Ng3 f5 15. Qe2 Ra8 16. Ne5 Qe7 17. f4 Qe6 18. Qh5 g6 19. Qh3 Ndf6 20. Nxe4 Nxe4 21. Kh1 1/2-1/2

[Event "BEL-ch"]
[Site "Roux"]
[Date "2019.07.28"]
[Round "2"]
[White "Hamblok, Roel"]
[Black "Dardha, Daniel"]
[Result "0-1"]
[WhiteElo "2261"]
[BlackElo "2420"]
[PlyCount "102"]
[EventDate "2019.07.27"]
[EventType "tourn"]
[EventRounds "9"]
[EventCountry "BEL"]
[EventCategory "5"]
[SourceTitle "CBM 191 Extra"]
[Source "ChessBase"]
[SourceDate "2019.09.30"]
[SourceVersion "1"]
[SourceVersionDate "2019.09.30"]
[SourceQuality "1"]

1. d4 c5 2. d5 g6 3. e4 Bg7 4. Nc3 d6 5. Nf3 Nf6 6. Bc4 0-0 7. 0-0 Bg4 8. h3 Bxf3 9. Qxf3 Nbd7 10. Qd1 a6 11. a4 Ne8 12. f4 Rb8 13. Qe2 Nc7 14. a5 b5 15. axb6 Rxb6 16. e5 Rb4 17. Bxa6 dxe5 18. f5 Nb6 19. Be3 Rxb2 20. Bxc5 Nxa6 21. Rxa6 Nxd5 22. Nxd5 Qxd5 23. Ba3 Qd4+ 24. Kh1 Rb7 25. Bxe7 Rxe7 26. f6 Rd7 27. fxg7 Kxg7 28. Raf6 Rd6 29. Qf3 Rxf6 30. Qxf6+ Kg8 31. Rf3 Qd1+ 32. Rf1 Qd5 33. Re1 Re8 34. Qf1 Kg7 35. c4 Qe6 36. Qd3 Rc8 37. Qc3 Rc5 38. Re2 f6 39. Rc2 Qc6 40. Rc1 h5 41. Qd3 h4 42. Qc3 g5 43. Qd3 e4 44. Qd4 Re5 45. Rc3 Qc5 46. Qd7+ Re7 47. Qg4 Qf2 48. Rc1 e3 49. Qd1 e2 50. Qe1 Qf4 51. c5 Qxc1 0-1

[Event "Ghent Eastman op 42nd"]
[Site "Ghent"]
[Date "2019.07.21"]
[Round "3"]
[White "Hamblok, Roel"]
[Black "Stuer, Marc"]
[Result "1/2-1/2"]
[WhiteElo "2261"]
[BlackElo "2044"]
[PlyCount "43"]
[EventDate "2019.07.20"]
[EventType "swiss"]
[EventRounds "9"]
[EventCountry "BEL"]
[SourceTitle "CBM 191 Extra"]
[Source "ChessBase"]
[SourceDate "2019.09.30"]
[SourceVersion "1"]
[SourceVersionDate "2019.09.30"]
[SourceQuality "1"]

1. e3 d5 2. c4 c6 3. Nf3 Nf6 4. Nc3 e6 5. b3 Bd6 6. Bb2 Nbd7 7. Qc2 Qe7 8. cxd5 exd5 9. Be2 0-0 10. 0-0 Ne5 11. Nxe5 Bxe5 12. f4 Bd6 13. Rae1 Re8 14. Bd3 Ne4 15. Nxe4 dxe4 16. Qc3 f6 17. Be2 Be6 18. g4 Rad8 19. Qc2 Bf7 20. Rf2 Bb4 21. Bf1 Rd5 22. Bg2 1/2-1/2

[Event "Ghent Eastman op 42nd"]
[Site "Ghent"]
[Date "2019.07.20"]
[Round "2"]
[White "Hagendijk, Klaas"]
[Black "Hamblok, Roel"]
[Result "0-1"]
[WhiteElo "2022"]
[BlackElo "2261"]
[PlyCount "64"]
[EventDate "2019.07.20"]
[EventType "swiss"]
[EventRounds "9"]
[EventCountry "BEL"]
[SourceTitle "CBM 191 Extra"]
[Source "ChessBase"]
[SourceDate "2019.09.30"]
[SourceVersion "1"]
[SourceVersionDate "2019.09.30"]
[SourceQuality "1"]

1. e4 b6 2. c4 Bb7 3. Nc3 e6 4. Nf3 Bb4 5. Qb3 Bxc3 6. Qxc3 Bxe4 7. Qxg7 Qf6 8. Qxf6 Nxf6 9. Ng5 Bb7 10. b3 Rg8 11. Bb2 Rxg5 12. Bxf6 Rg6 13. Bc3 Bxg2 14. Bxg2 Rxg2 15. Be5 Rg4 16. f3 Rg6 17. Bxc7 Nc6 18. Bg3 Nd4 19. Kf2 Rf6 20. f4 d6 21. Rae1 Kd7 22. Re4 Nf5 23. Kf1 Rg8 24. Bf2 Rh6 25. h3 Rg3 26. h4 Rh5 27. d3 Rxd3 28. Ke2 Rg3 29. Rd1 Rxh4 30. c5 bxc5 31. Ra4 Rh2 32. Rxa7+ Kc6 0-1

[Event "Mittelrhein Regionalliga 18/19"]
[Site "Nordrheinwestfalen"]
[Date "2019.05.19"]
[Round "11.1"]
[White "Hamblok, Roel"]
[Black "Horstmann, Olaf"]
[Result "1/2-1/2"]
[WhiteElo "2272"]
[BlackElo "2154"]
[PlyCount "29"]
[EventDate "2018.10.28"]
[EventType "team-tourn"]
[EventRounds "11"]
[EventCountry "GER"]
[SourceTitle "EXT 2022"]
[Source "ChessBase"]
[SourceDate "2021.10.06"]
[SourceVersion "1"]
[SourceVersionDate "2021.10.06"]
[SourceQuality "1"]
[WhiteTeam "Wuerselen"]
[BlackTeam "Bonn Stadtverwaltung"]
[WhiteTeamCountry "GER"]
[BlackTeamCountry "GER"]

1. e4 e6 2. d4 d5 3. exd5 exd5 4. Nf3 Nf6 5. Bd3 Be7 6. 0-0 Bg4 7. Bg5 0-0 8. Nbd2 Nbd7 9. c3 c6 10. Qe2 h6 11. Bh4 Qc7 12. Rae1 Bd6 13. h3 Bxf3 14. Nxf3 Rae8 15. Bxf6 1/2-1/2